000 00662nam a2200229Ia 4500
005 20250425162332.0
008 250425s9999 xx 000 0 und d
020 _a9684182783
041 _aspa
082 _a465
110 _aEDICIONES CULTURALES INTERNACIONALES
245 0 _aEL PODER DEL LENGUAJE (TOMO 2): LOS VERBOS Y SUS CONJUGACIONES: 100 MODELOS CONJUGADOS 10.000 VERBOS DE USO COTIDIANO
250 _a1A ED.
260 _aMEXICO
260 _aMéxico
_bEDICIONES CULTURALES INTERNACIONALES
_c2006
300 _a192
650 _aCOMUNICACION ESCRITA
650 _aLENGUAJE ESPAÑOL
650 _aVERBOS
942 _c01
010 _a63383
999 _c227113
_d227113